000 00297nam a22001217a 4500
040 _cNust
082 _a297.1978
_bUSM
100 _aMaulana Mufti Muhammad Shafi
_9125228
245 _aMasla Sood
260 _aKarachi:
_bIdaratul Muarif,
_c2002.
650 _aMasla Sood
_9125229
942 _2ddc
_cBK
999 _c610996
_d610996